[Event "Superfinal Chelyabinsk Oblast"]
[Site "Satka RUS"]
[Date "2008.07.14"]
[Round "9"]
[White "Riazantsev, Alexander"]
[Black "Ponkratov, Pavel"]
[Result "1-0"]
[WhiteElo "2617"]
[BlackElo "2530"]
[PlyCount "51"]
[EventDate "2008.07.06"]
[EventType "tourn"]
[EventRounds "13"]
[EventCountry "RUS"]
[EventCategory "11"]
[Source "Mark Crowther"]
[SourceDate "2008.01.14"]

{A52: Budapester Gambit (Hauptvariante)} 1. d4 Nf6 2. c4 e5 3. dxe5 Ng4 4. Bf4
g5 5. Bg3 Bg7 6. Nf3 Nc6 7. h4 Ngxe5 8. Nxe5 Nxe5 9. hxg5 (9. e3 d6 10. hxg5
Qxg5 11. Nc3 Be6 12. Qa4+ (12. Nd5 O-O-O 13. Rh5 {Riazantsev,A (2556)-Tjurin,A
(2397)/Voronezh 2004/1-0}) 12... Nc6 13. Rc1 O-O-O 14. Bh4 Qh6 15. Nb5 Bf6 16.
c5 dxc5 17. Nxc7 Bxh4 18. Rxh4 Qf6 19. Nxe6 fxe6 20. Rxc5 Qxb2 21. Qc2 Qb6 22.
Bb5 Rd6 23. Bxc6 bxc6 {Bareev,E (2555)-Teske,H (2425)/Voronezh 1987/1-0}) 9...
Nxc4 10. Nc3 Qxg5 $146 (10... c6 11. e4 Nxb2 (11... d5 12. Bxc4 dxc4 13. Qxd8+
Kxd8 14. O-O-O+ Ke8 15. Rh4 Be6 16. Rdh1 Rd8 17. Rxh7 Rxh7 18. Rxh7 Kf8 19. Rh1
Rd3 20. Kc2 b5 21. Rd1 Rxd1 22. Nxd1 Ke7 23. f4 Bg4 24. Ne3 Be2 25. Kd2 Bd3 26.
Nf5+ {Gutman,G (2497)-Tjurin,A (2340)/Pardubice CZE 2008/1-0}) 12. Qd2 Na4 13.
Nxa4 Bxa1 14. Bd6 b5 15. Nb2 Rg8 16. Rxh7 Bxb2 17. Qxb2 Qxg5 18. Rh8 {Kouatly,
B (2440)-Preissmann,E (2350)/Bagneux 1983/1-0}) 11. Rh4 Ne5 (11... Bxc3+ $5 12.
bxc3 d5 $14) 12. Nd5 $16 O-O 13. e3 d6 14. Rh5 Qg4 (14... Qd8 $142 $5 15. Qc2
h6 $16) 15. Be2 $18 Qd7 16. Qc2 (16. Bxe5 dxe5 17. Qc2 f5 $18) 16... f5 $16 17.
Nxc7 Rb8 18. Rc1 Kh8 19. Nb5 a6 20. Nd4 b5 21. Bxe5 dxe5 (21... Bxe5 22. Nc6
Rb7 23. Nxe5 dxe5 24. Rh6 $16) 22. Nxf5 $18 Rxf5 (22... Qf7 23. Bg4 e4 24. b3
$18) 23. Rxf5 Qxf5 24. Qc7 Ra8 25. Bf3 e4 $4 (25... Bb7 $142 26. Qxb7 Rd8 $18)
26. Bxe4 (26. Bxe4 Qf8 27. Bxa8 $18) 1-0

[Event "Sparkassen"]
[Site "Dortmund "]
[Date "2008.07.06"]
[Round "7"]
[White "Ivanchuk, Vassily"]
[Black "Kramnik, Vladimir"]
[Result "1-0"]
[WhiteElo "2740"]
[BlackElo "2788"]
[PlyCount "97"]
[EventDate "2008.06.28"]
[EventType "tourn"]
[EventRounds "7"]
[EventCountry "GER"]
[EventCategory "18"]
[Source "Mark Crowther"]
[SourceDate "2008.01.14"]

{C42: Russische Verteidigung (Petrow)} 1. e4 e5 2. Nf3 Nf6 3. Nxe5 d6 4. Nf3
Nxe4 5. d4 d5 6. Bd3 Nc6 7. O-O Be7 8. Re1 Bg4 9. c4 Nf6 10. Nc3 Bxf3 11. Qxf3
Nxd4 12. Qd1 Ne6 13. cxd5 Nxd5 14. Bb5+ c6 15. Nxd5 cxb5 16. Qh5 O-O 17. Nxe7+
Qxe7 18. Qxb5 Rfd8 19. Be3 a6 20. Qb3 Rac8 21. h3 (21. Rac1 h6 22. h3 Nd4 {
Kasparov,G (2700)-Karpov,A (2720)/Moscow 1985/1/2-1/2}) 21... h6 22. Rad1 Rxd1
23. Rxd1 b5 $146 (23... Rd8 24. Rc1 Nd4 25. Bxd4 Rxd4 26. Rc8+ Kh7 27. Rc2 Rd1+
28. Kh2 Qd6+ 29. Qg3 Qxg3+ 30. Kxg3 Kg6 31. Rc7 Ra1 32. a3 b5 33. Rc6+ f6 34.
Rxa6 b4 35. Ra4 bxa3 36. Rxa3 Rb1 37. Rb3 Kf5 38. Kf3 {Tsuboi,E-Almada,E/Sao
Paulo 1989/1-0}) 24. Rd3 Rc6 25. Qd5 Qe8 26. Rd2 Qc8 27. b3 Rc3 28. h4 a5 29.
Rd1 Rc2 30. Qxb5 Rxa2 31. h5 Nf8 32. Rd4 Qc7 33. Rd1 Rb2 34. Rc1 Qd7 35. Qb8
Rc2 36. Ra1 Qf5 37. Qd8 Qxh5 38. Rxa5 Qg4 39. Ra4 Qd7 40. Rd4 Qb7 41. b4 Rb2
42. Bd2 Rb1+ 43. Kh2 Qb5 44. Qd5 Qe2 45. Be3 Ng6 (45... g5 46. Qf5 Qh5+ 47. Kg3
$11) 46. Qf5 Qf1 47. Kg3 Rb3 48. Re4 Nf8 $4 (48... Qh1 $142 $14) 49. Rf4 $18 (
49. Rf4 Rxe3+ 50. fxe3 Qe1+ 51. Kh2 $18) 1-0

[Event "Sparkassen"]
[Site "Dortmund "]
[Date "2008.06.29"]
[Round "2"]
[White "Kramnik, Vladimir"]
[Black "Van Wely, Loek"]
[Result "1-0"]
[WhiteElo "2788"]
[BlackElo "2677"]
[PlyCount "57"]
[EventDate "2008.06.28"]
[EventType "tourn"]
[EventRounds "7"]
[EventCountry "GER"]
[EventCategory "18"]
[Source "Mark Crowther"]
[SourceDate "2008.01.14"]

{D30: Damengambit (ohne Sc3)} 1. d4 d5 2. c4 c6 3. Nf3 Nf6 4. e3 e6 5. b3 Nbd7
6. Bb2 b6 7. Bd3 Bb7 8. O-O Bd6 9. Nbd2 (9. Nc3 O-O 10. Qc2 Re8 11. Rad1 Qe7
12. e4 dxe4 13. Nxe4 Nxe4 14. Bxe4 Nf6 15. Bd3 Ba3 16. Ba1 h6 17. Rfe1 Rad8 18.
h3 a5 19. Re3 Qc7 20. Qe2 Kf8 21. Nh2 Be7 22. Ng4 c5 23. dxc5 Qxc5 {Kramnik,V 
(2766)-Van Wely,L (2683)/Monte Carlo 2007/1-0}) 9... O-O 10. Ne5 Qe7 $146 (
10... Qc7 11. f4 c5 12. Qe1 cxd4 13. exd4 Bb4 14. a3 Bxd2 15. Qxd2 Ne4 16. Qe3
f6 17. Rac1 Qd8 18. Nxd7 Qxd7 19. b4 Rfc8 20. c5 Bc6 21. Qe2 b5 22. a4 a6 23.
a5 f5 24. g4 fxg4 25. Qxg4 {Savchenko,B (2569)-Caruana,F (2620)/Plovdiv BUL
2008/0-1}) 11. Qf3 Rfd8 12. Qh3 h6 13. f4 Bb4 14. Ndf3 Ne4 15. Nxd7 Rxd7 16.
Ne5 Rc7 17. Bxe4 dxe4 18. c5 bxc5 19. a3 Ba5 20. dxc5 Qxc5 21. b4 Qb5 22. Qg3
Bb6 (22... f5 $5 23. Qg6 Re7 $14) 23. Nd7 g6 $4 (23... f6 $142 24. Nxf6+ Kf8
25. Nxe4 Qd5 $16) 24. Nf6+ $18 Kf8 25. Be5 (25. f5 exf5 26. Qd6+ Re7 27. Nh7+
Ke8 $18) 25... Rcc8 $2 (25... a5 26. f5 exf5 27. Bxc7 Ba7 28. bxa5 Kg7 $18) 26.
Qh4 h5 (26... Bxe3+ 27. Kh1 c5 28. Rfd1 $18) 27. Nh7+ (27. Nd7+ $142 Kg8 28.
Qf6 Qxe5 29. fxe5 Bxe3+ 30. Kh1 Rf8 $18) 27... Ke8 28. Bd6 Rc7 29. Rfd1 (29.
Rfd1 Qe2 30. Kh1 $18) 1-0

[Event "Aerosvit"]
[Site "Foros UKR"]
[Date "2008.06.17"]
[Round "9"]
[White "Nisipeanu, Livio Dieter"]
[Black "Shirov, Alexander"]
[Result "1-0"]
[WhiteElo "2684"]
[BlackElo "2740"]
[PlyCount "71"]
[EventDate "2008.06.08"]
[EventType "tourn"]
[EventRounds "11"]
[EventCountry "UKR"]
[EventCategory "19"]
[Source "Mark Crowther"]
[SourceDate "2008.01.14"]

{B33: Sizilianisch (Lasker/Pelikan/Sweschnikow-Variante)} 1. e4 c5 2. Nf3 Nc6
3. d4 cxd4 4. Nxd4 Nf6 5. Nc3 e5 6. Ndb5 d6 7. Bg5 a6 8. Na3 b5 9. Nd5 Be7 10.
Bxf6 Bxf6 11. c4 b4 12. Nc2 a5 13. g3 O-O 14. h4 Be6 15. Bh3 a4 16. Ncxb4 Nxb4
17. Bxe6 fxe6 18. Nxb4 Qb6 19. Qd2 Be7 20. a3 Rf3 21. Rf1 $146 (21. c5 dxc5 22.
Nd5 Qb7 23. Nxe7+ Qxe7 24. O-O Rd8 25. Qa5 g5 26. h5 Rdd3 27. Rac1 Qb7 28. Qxc5
{Korneev,O (2631)-Salvador,R (2443)/Bratto ITA 2008/1-0}) 21... Raf8 22. O-O-O
Rb3 23. Qc2 d5 24. exd5 Bxb4 25. axb4 Qxb4 (25... Rxb4 $142 $5 26. dxe6 Qxe6
$15) 26. dxe6 $11 Rb8 27. Rd2 a3 28. Rfd1 g6 29. Rd8+ Rxd8 30. Rxd8+ Kg7 31.
Qe4 Kh6 $4 (31... Kf6 $142 32. f4 axb2+ 33. Kb1 Qa5 34. Qxe5+ Qxe5 35. fxe5+
Kxe6 36. Re8+ Kd7 $11) 32. Qg4 $18 Qe1+ (32... Qe7 33. Qg5+ $1 Qxg5+ 34. hxg5+
Kh5 35. bxa3 Rb7 $18) 33. Rd1 a2 34. Kc2 (34. Rxe1 $4 a1=Q+ 35. Kc2 Qxb2+ 36.
Kd1 Rd3#) 34... a1=N+ (34... Qxd1+ 35. Qxd1 Rb7 36. Qa1 $18) 35. Rxa1 $1 Qxf2+
(35... Qxa1 36. Qg5+) 36. Kxb3 (36. Kxb3 Kg7 37. Rd1 Qb6+ 38. Kc2 Qf2+ 39. Rd2
Qf6 40. Rd7+ Kg8 41. Rf7 Qd8 42. e7 Qe8 43. Rf8+ Qxf8 44. Qe6+ Kg7 45. exf8=Q+
Kxf8 46. c5 e4 47. c6 e3 48. Qxe3 Kg7 49. c7 g5 50. Qe7+ Kg6 51. Qxg5+ Kf7 52.
c8=Q h5 53. Qcg8#) 1-0

[Event "Aerosvit"]
[Site "Foros UKR"]
[Date "2008.06.08"]
[Round "1"]
[White "Carlsen, Magnus"]
[Black "Ivanchuk, Vassily"]
[Result "1-0"]
[WhiteElo "2765"]
[BlackElo "2740"]
[PlyCount "91"]
[EventDate "2008.06.08"]
[EventType "tourn"]
[EventRounds "11"]
[EventCountry "UKR"]
[EventCategory "19"]
[Source "Mark Crowther"]
[SourceDate "2008.01.14"]

1. d4 Nf6 2. c4 g6 3. Nc3 Bg7 4. e4 d6 5. Nf3 O-O 6. Be2 e5 7. O-O Nc6 8. d5
Ne7 9. b4 {E97: Königsindisch (Klassisches System)} Nh5 10. Re1 f5 11. Ng5 Nf6
12. f3 Kh8 13. b5 (13. Be3 Ne8 14. Rc1 c6 15. c5 Ng8 16. exf5 gxf5 17. f4 Ne7
18. cxd6 Nxd6 19. dxc6 Nxc6 20. Bc5 exf4 21. Bxd6 Qxg5 22. Bxf8 Bxf8 23. Bf3 {
Kramnik,V (2758)-Ivanchuk,V (2709)/Monte Carlo 2000 / 1-0}) 13... Ne8 $146 (
13... h6 14. Ne6 Bxe6 15. dxe6 Ne8 16. Be3 Qc8 17. c5 Qxe6 18. Qb3 Qxb3 19.
axb3 dxc5 20. Bxc5 Nd6 21. Red1 Rfd8 22. Bc4 Bf6 23. b6 axb6 24. Rxa8 Rxa8 25.
Bxd6 cxd6 26. Rxd6 Bg5 27. Kf1 Ra1+ 28. Ke2 {Ricardi,P (2527)-Lemos,D (2439)/
San Luis 2007 / 1/2-1/2}) (13... Nh5 14. Qb3 $11) 14. Be3 (14. Qb3 $5 $14)
14... Bf6 15. Ne6 Bxe6 16. dxe6 Ng7 17. Bh6 Nxe6 18. Bxf8 Qxf8 19. c5 Nxc5 20.
Bc4 Bg5 21. Qe2 Qh6 22. Rad1 Rf8 23. a4 b6 24. g3 Qh3 25. Qg2 Qh6 26. Qe2 Qh3
27. Kh1 Nd7 28. Ra1 Qh6 29. Ra2 Nf6 30. Kg2 Nh5 (30... f4 31. Be6 fxg3 32. hxg3
$11) 31. Nd5 $14 Nxd5 32. Bxd5 Bf4 33. Qf2 fxe4 34. Bxe4 Qg5 35. Rc2 d5 (35...
Rf7 36. Bb7 $14) 36. Bxd5 $16 Bxg3 37. hxg3 Nf4+ 38. Kf1 Nxd5 39. Rce2 Qf6 (
39... Nf6 $5 40. Rxe5 Qh6 $18) 40. Rxe5 $18 Qxf3 $4 (40... Qd6 $18) 41. Qxf3
Rxf3+ 42. Ke2 Rf5 43. Rxf5 gxf5 44. Kd3 c5 (44... f4 45. Kd4 $18) 45. Re5 (45.
Kc4 Nf6 46. Re7 Kg8 $18) 45... Nb4+ 46. Kd2 (46. Kc4 Kg7 47. Re7+ Kf6 48. Rxa7
Ke6 $18) 1-0

[Event "Bosna-GM-Turnier"]
[Site "Sarajevo "]
[Date "2008.05.29"]
[Round "6"]
[White "Morozevich, Alexander"]
[Black "Sokolov, Ivan"]
[Result "1-0"]
[WhiteElo "2774"]
[BlackElo "2690"]
[PlyCount "55"]
[EventDate "2008.05.23"]
[Source "Mark Crowther"]
[SourceDate "2008.01.14"]

1. e4 e5 2. Nf3 Nc6 3. d4 {C45: Schottische Partie} exd4 4. Nxd4 Bb4+ 5. c3 Bc5
6. Nxc6 bxc6 7. Bd3 Ne7 8. O-O O-O 9. Bg5 (9. Nd2 Bb6 (9... d6 10. Kh1 f5 11.
f4 Bb6 12. Qf3 Kh8 13. exf5 Bxf5 14. Bxf5 Nxf5 15. Nc4 Qd7 16. Bd2 Nh4 17. Qd3
Qg4 18. g3 Qh3 19. Ne3 Ng6 20. Rae1 d5 21. Ng2 Rae8 22. Rxe8 Rxe8 23. Re1 Rxe1+
24. Nxe1 h6 {Wiersma,E (2425)-Sokolov,I (2652)/Netherlands 2006 / 1/2-1/2}) 10.
Qh5 d6 11. Nf3 f6 12. e5 g6 13. Qh4 dxe5 14. Bh6 Rf7 15. Bc4 Qe8 16. Qxf6 Nd5
17. Qxe5 Bg4 18. Rae1 Qd7 19. Ng5 Bc5 20. Nxf7 Qxf7 21. Qg3 Be6 22. Bxd5 Bxd5
23. b3 Bd6 24. Qe3 {Czebe,A (2513)-Kapnisis,S (2412)/Plovdiv BUL 2008 / 1-0})
9... f6 10. Bh4 d6 $146 11. Nd2 Ng6 12. Bg3 f5 13. exf5 Bxf5 14. Bxf5 Rxf5 15.
a4 a6 16. Qb3+ Kh8 17. Qb7 Rb8 18. Qxa6 Rxb2 19. Ne4 h5 20. h4 Rb6 (20... Qe7
$5 21. Rae1 Bb6 $14) 21. Qc4 $16 Qg8 22. Qe2 Rb8 23. Ng5 Nf8 24. Qxh5+ (24.
Rab1 $142 Bb6 25. Rxb6 Rxb6 26. Qxh5+ Qh7 27. Nxh7 Rxh5 28. Nxf8 $18) 24... Nh7
$2 (24... Qh7 $142 25. Nxh7 Rxh5 $16) 25. Rae1 $18 Bb6 26. Re7 Rbf8 27. Kh2
R5f6 (27... Ba5 $18) 28. a5 $1 (28. a5 Bxa5 29. Nxh7 Qxh7 30. Qxa5 $18) 1-0

[Event "President's Cup"]
[Site "Baku "]
[Date "2008.05.20"]
[Round "9"]
[White "Milov, Vadim"]
[Black "Kortschnoj, Viktor"]
[Result "1-0"]
[WhiteElo "2690"]
[BlackElo "2598"]
[PlyCount "87"]
[EventDate "2008.05.12"]
[Source "Mark Crowther"]
[SourceDate "2008.01.14"]

1. d4 Nf6 2. c4 e6 3. Nc3 Bb4 4. e3 d5 5. a3 Be7 6. Nf3 O-O 7. Bd3 {E51:
Nimzoindisch (Moderne Variante)} dxc4 8. Bxc4 c5 9. O-O Nbd7 10. e4 $146 (10.
Qe2 a6 11. Rd1 b5 12. Ba2 Qb6 13. dxc5 Qxc5 14. e4 Bb7 15. Bf4 Rfd8 16. Rac1
Qh5 17. h3 Nc5 18. Bb1 Nb3 19. Rxd8+ Bxd8 20. Rd1 Bb6 21. Bc2 Na5 22. Rd3 Nc4
23. b4 h6 24. Bd1 g5 {Cvitan,O (2480)-Campos Moreno,J (2415)/Valjevo 1984 / 0-1
}) 10... cxd4 11. Nxd4 Ne5 12. Be2 Bd7 13. Be3 Nc6 14. Rc1 Nxd4 15. Bxd4 Bc6
16. Qd3 Nd7 17. Qg3 e5 18. Be3 Kh8 (18... Bc5 19. Bg5 Nf6 20. Bh6 $14) 19. Rfd1
$16 Qe8 20. Nb5 Bd8 $2 (20... Qb8 $142 $16) 21. Nd6 $18 Qe6 22. Nf5 g6 23. Bc4
Qf6 24. Rd6 gxf5 25. Rxf6 Bxf6 26. Bg5 Bd8 (26... Bxg5 27. Qxg5 fxe4 $18) 27.
Bxd8 Raxd8 28. Qh4 Rc8 (28... f6 29. Be6 fxe4 30. Rd1 $18) 29. Rd1 (29. exf5 $5
Rg8 30. g3 Bb5 $18) 29... fxe4 (29... Ba4 30. b3 Rxc4 31. bxa4 $18) 30. h3 e3
31. fxe3 Rg8 32. g4 Rg7 33. Bd3 Ba4 34. Rd2 f6 35. Bf5 Rf8 36. Rd6 Bc6 37. Kh2
Nc5 (37... a6 $18) 38. Rxf6 Rd8 39. Rh6 Rd2+ 40. Kg1 Rd1+ 41. Kf2 Ne4+ 42. Ke2
Rd2+ 43. Ke1 Rg2 (43... Ng5 44. Rxh7+ $1 Nxh7 45. Kxd2 Bd5 46. Qd8+ Bg8 $18)
44. Rxh7+ (44. Rxh7+ Kg8 45. Be6+ Kf8 46. Rh8+ Rg8 47. Rxg8#) (44. Qd8+ Be8 45.
Qxe8+ Rg8 46. Rxh7#) 1-0

[Event "US-Einzelmeisterschaft"]
[Site "Tulsa USA"]
[Date "2008.05.15"]
[Round "3"]
[White "Gulko, Boris"]
[Black "Shulman, Yuri"]
[Result "0-1"]
[WhiteElo "2559"]
[BlackElo "2606"]
[PlyCount "60"]
[EventDate "2008.05.13"]
[EventType "swiss"]
[EventRounds "9"]
[EventCountry "USA"]
[Source "Mark Crowther"]
[SourceDate "2008.01.14"]

1. d4 d5 2. c4 e6 3. Nf3 Nf6 4. g3 {E04: Katalanisch} dxc4 5. Bg2 a6 6. Ne5 c5
7. Na3 cxd4 8. Naxc4 Bc5 9. Bd2 Nd5 10. Rc1 O-O 11. O-O Nd7 (11... Qf6 12. Nd3
Be7 13. e4 Nc7 14. Bf4 Nb5 15. e5 Qf5 16. Nb6 Nc6 17. Nxa8 Bd8 18. g4 Qg6 19.
Bg3 Kh8 20. a4 Nba7 21. b4 f5 22. Qb3 Qxg4 23. b5 axb5 24. axb5 Ne7 25. Qa4 Bd7
26. Qxa7 {Gelfand,B (2703)-Aronian,L (2649)/Bastia 2003/CBM 098/1-0}) 12. Nd3
Ba7 13. Ba5 $146 Qe7 14. Qb3 Rb8 15. Nce5 Nxe5 16. Nxe5 Qf6 17. Nd3 (17. Bxd5
$2 Qxe5 18. Bc7 Qxd5 19. Qxd5 exd5 20. Bxb8 Bxb8 $19) 17... b6 18. Bb4 (18.
Bxd5 $4 bxa5 (18... exd5 $6 19. Bb4 Re8 20. Qxd5 $11) 19. Qc4 exd5 20. Qxd5 Bb7
$19) 18... Rd8 19. Bxd5 Rxd5 20. Rc7 Bb7 (20... Rd7 21. Qc4 Qd8 22. Rxd7 Qxd7
23. Ne5 $14) 21. Be7 (21. Nf4 $142 $5 Qd8 22. Nxd5 Bxd5 23. Qc2 $16) 21... Qf5
$14 22. Qc2 (22. Rxb7 $5 Rxb7 23. Qc4 $16) 22... e5 $15 23. Rc1 h6 24. Nb4 (24.
f3 $142 $5 $11) 24... d3 $17 25. exd3 $2 (25. Nxd3 $142 $5 Rd7 26. Ne1 $17)
25... Rd7 $19 26. Rxb7 (26. d4 $142 Rxc7 27. Qxc7 $19 (27. Qxf5 $4 Rxc1#))
26... Rbxb7 (26... Rdxb7 $6 27. Bd6 Rd8 28. Qc6 $19) 27. Qc8+ Kh7 28. Nxa6 (28.
Rc3 Qf3 29. Qc6 Qd1+ 30. Kg2 Rxe7 31. Qe4+ f5 32. Qxf5+ g6 $19) 28... Qxd3 29.
Nb4 Qd2 30. Bf8 (30. Rc2 Qd1+ 31. Kg2 Rxe7 $19) 30... Rb8 (30... Rb8 31. Qc2+
Qxc2 32. Rxc2 Rxf8 $19) 0-1

[Event "4. M-Tel Masters"]
[Site "Sofia BUL"]
[Date "2008.05.09"]
[Round "2"]
[White "Topalov, Veselin"]
[Black "Ivanchuk, Vassily"]
[Result "0-1"]
[WhiteElo "2767"]
[BlackElo "2740"]
[PlyCount "86"]
[EventDate "2008.05.08"]
[EventType "tourn"]
[EventRounds "10"]
[EventCountry "BUL"]
[EventCategory "20"]
[Source "Mark Crowther"]
[SourceDate "2008.01.14"]

1. e4 e6 2. d4 d5 {C11: Französische Verteidigung} 3. Nc3 Nf6 4. e5 Nfd7 5. f4
c5 6. Nf3 Nc6 7. Be3 a6 8. a3 cxd4 9. Nxd4 Bc5 10. Be2 O-O 11. Qd2 (11. O-O
Bxd4 12. Bxd4 Nxd4 13. Qxd4 Qb6 14. Rfd1 f6 15. exf6 Qxd4+ 16. Rxd4 Nxf6 17.
Re1 Bd7 18. g4 Rac8 19. g5 Ne8 20. Bg4 Nc7 21. Re2 Rcd8 22. Kg2 Bc8 23. Kg3 Rd6
24. Nd1 Nb5 25. Rdd2 Rc6 {Rivas Pastor,M (2505)-Jimenez Ruiz,J (2021)/Malaga 
2008/1-0}) 11... Qc7 $146 (11... Bxd4 12. Bxd4 Nxd4 13. Qxd4 f6 14. exf6 Qxf6
15. Qxf6 Rxf6 16. O-O Nb6 17. Rad1 Bd7 18. f5 Rc8 19. fxe6 Rxf1+ 20. Bxf1 Bxe6
21. Rd4 Rc7 22. Bd3 h6 23. Ne2 Nc4 24. Nf4 Kf7 25. Bxc4 {Raaste,E (2415)-Kanko,
I (2310)/Finland 1988 / 1/2-1/2}) 12. Bf3 Nxd4 13. Bxd4 Nb6 14. Ne2 Bxd4 15.
Qxd4 Bd7 16. b3 Bb5 17. Nc3 Rfc8 18. Nxb5 axb5 19. Be2 Nd7 20. Ra2 Nb8 21. O-O
Nc6 22. Qd2 Qb6+ 23. Kh1 Qa5 24. Qxa5 Rxa5 25. Raa1 (25. Rfa1 Nd4 26. Bd3 f6
$15) 25... Rca8 26. Rad1 Rxa3 27. Bxb5 Nb4 28. c4 R8a5 29. f5 exf5 30. g4 Rxb3
(30... fxg4 $5 31. Bd7 dxc4 $15) 31. gxf5 $11 Re3 32. Rb1 Nd3 (32... Re2 33.
Rxb4 Raa2 34. Rfb1 Rxh2+ 35. Kg1 Rag2+ 36. Kf1 $11) 33. e6 (33. Ra1 $5 Rxa1 34.
Rxa1 $14) 33... d4 $11 34. Be8 (34. Bc6 $1 Nc5 35. Bxb7 fxe6 36. fxe6 Nxb7 37.
Rxb7 $11) 34... Nc5 (34... Kf8 35. Bxf7 Ra2 36. Ra1 Rxa1 37. Rxa1 Re1+ 38. Rxe1
Nxe1 39. Bh5 $17) 35. Bxf7+ (35. Bc6 fxe6 36. fxe6 g6 37. Bxb7 Nxe6 $15) 35...
Kf8 $17 36. f6 gxf6 37. Rxf6 Ke7 38. Rh6 d3 39. Rxh7 (39. Bh5 Ra2 $17) 39... d2
40. Rg1 $4 (40. Kg2 $142 Re1 41. Bh5+ Kxe6 42. Bd1 $19) 40... Re1 $19 41. Bh5+
Kxe6 42. Rhg7 (42. Rh6+ Ke5 43. h3 Ra3 $19) 42... Ne4 43. R7g6+ (43. Bf3 $19)
43... Ke5 (43... Ke5 44. h3 Kf4 $19) 0-1

[Event "26. Liechtenstein Open"]
[Site "Triesen LIE"]
[Date "2008.05.05"]
[Round "8"]
[White "Farago, Ivan"]
[Black "Van der Weide, Karel"]
[Result "1-0"]
[WhiteElo "2470"]
[BlackElo "2482"]
[PlyCount "61"]
[EventDate "2008.04.25"]
[EventType "swiss"]
[EventRounds "9"]
[EventCountry "LIE"]
[Source "Mark Crowther"]
[SourceDate "2008.01.14"]

1. d4 Nf6 2. c4 g6 3. Nc3 d5 4. Nf3 Bg7 5. Qb3 dxc4 6. Qxc4 O-O 7. e4 a6 {D97:
Grünfeld-Verteidigung (Russisches System, Ragosin-Variante)} 8. Be2 b5 9. Qb3
Nc6 10. e5 Be6 11. exf6 Bxb3 12. fxg7 Kxg7 13. axb3 Nxd4 14. Nxd4 Qxd4 15. O-O
Qb4 16. Bf3 Qxb3 17. Ne4 (17. Bd5 Qb4 18. Bxa8 Rxa8 19. Nd5 Qc5 20. Rd1 Rd8 21.
Be3 Qc6 22. Bd4+ Kf8 23. Ne3 Qe4 24. Bc5 Rxd1+ 25. Rxd1 Ke8 26. b4 a5 27. Nd5
axb4 28. Bxb4 Qc2 29. Ne3 Qb3 30. Ba5 f6 31. Bxc7 b4 {Bologan,V (2661)-Svidler,
P (2765)/Asnieres sur Seine 2006/1/2-1/2}) 17... Rfd8 18. Bd2 b4 19. Rfb1 a5
$146 (19... Rd5 20. Be3 Rad8 21. Nc5 Qc2 22. Bxd5 Rxd5 23. b3 e5 24. Rc1 Qb2
25. g3 Qe2 26. Nxa6 Rd3 27. Re1 Qf3 28. Nc5 Rc3 29. Ra4 Rxe3 30. Rxe3 Qd1+ 31.
Kg2 Qd5+ 32. Ne4 f5 33. Rxb4 c5 34. Rc4 {Gyimesi,Z (2610)-Brkic,A (2577)/
Sibenik 2007/1-0}) (19... Rab8 20. Bg5 Qe6 21. Re1 $17) 20. Nc5 $15 Qc2 21. Be3
a4 (21... Rab8 $142 $5 $17) 22. Be4 $11 Qe2 23. Bxa8 Rxa8 24. Nxa4 b3 25. h3 e5
26. Re1 Qb5 27. Nc5 Ra2 28. Rab1 f5 29. f4 exf4 30. Ne6+ Kg8 31. Bxf4 (31. Bxf4
Ra8 32. Nxc7 Qc5+ 33. Kh2 $18) 1-0

[Event "Baku Grand Prix"]
[Site "Baku AZE"]
[Date "2008.05.04"]
[Round "12"]
[White "Gashimov, Vugar"]
[Black "Grischuk, Alexander"]
[Result "1-0"]
[WhiteElo "2679"]
[BlackElo "2716"]
[PlyCount "65"]
[EventDate "2008.04.21"]
[Source "Mark Crowther"]
[SourceDate "2008.01.14"]

1. e4 e5 2. Nf3 Nc6 3. Bb5 a6 4. Ba4 d6 5. O-O {C72: Spanische Partie (Moderne
Steinitz-Verteidigung)} Bg4 6. h3 h5 7. d4 b5 8. Bb3 Nxd4 9. hxg4 Nxb3 10. axb3
hxg4 11. Ng5 Qd7 12. Qd3 $146 (12. c4 Rb8 13. Rxa6 (13. Qd5 c6 14. Qxf7+ Qxf7
15. Nxf7 Kxf7 16. Rxa6 Nf6 17. Re1 bxc4 18. bxc4 d5 19. Rxc6 Bb4 20. Rd1 d4 21.
Rc7+ Kg6 22. f3 g3 23. Nd2 Bxd2 24. Bxd2 Rh2 25. Be1 Rxb2 26. Bd2 Nh5 27. c5
Nf4 {De Firmian,N (2553)-Sokolov,I (2695)/Selfoss 2003 / 0-1}) 13... f6 14. Nc3
fxg5 15. Nxb5 Nf6 16. Ra7 Rc8 17. Re1 Qf7 18. Be3 Qh5 19. Kf1 Kd7 20. b4 Qh1+
21. Ke2 Qxg2 22. Qa4 Kd8 23. Nxc7 Rxc7 24. Qa5 Ne8 25. Kd2 Kd7 26. Qb5+ Ke7 {
Smirnov,P (2626)-Yandemirov,V (2488)/Izmir 2004 / 1/2-1/2}) 12... Rb8 13. Rxa6
f6 14. Nc3 fxg5 15. Bxg5 Be7 16. f4 gxf3 17. Qxf3 Nf6 18. Nd5 Nxd5 19. Qf7+ Kd8
20. Qxg7 Kc8 $2 (20... Re8 $142 21. exd5 Bxg5 22. Qxg5+ Kc8 $16) 21. Qxh8+ $18
Kb7 22. Qh7 Qg4 (22... Rd8 23. Bxe7 Qxe7 24. Qxe7 Nxe7 25. Raa1 $18) 23. exd5
Qd4+ 24. Kh1 Bxg5 (24... Kxa6 25. Bxe7 Qxd5 26. Bg5 $18) 25. Rfa1 (25. Rxd6 $1
Rg8 26. Rd7 Bd8 $18) 25... Be3 26. Ra7+ Qxa7 27. Rxa7+ Bxa7 28. g4 Rf8 (28...
Be3 29. Qd3 Rh8+ 30. Kg2 $18) 29. g5 Rf2 (29... Rf1+ 30. Kh2 Rf2+ 31. Kg3 $18)
30. Qe4 (30. g6 $142 Rxc2 31. g7 Rc1+ 32. Kh2 Rg1 $18) 30... Rf1+ 31. Kh2 Rf4 (
31... Rf7 $18) 32. Qxf4 $1 exf4 33. c3 1-0

[Event "9.Europameisterschaft"]
[Site "Plovdiv BUL"]
[Date "2008.04.24"]
[Round "4"]
[White "Kozul, Zdenko"]
[Black "Tiviakov, Sergei"]
[Result "0-1"]
[WhiteElo "2583"]
[BlackElo "2635"]
[PlyCount "88"]
[EventDate "2008.04.21"]
[EventType "swiss"]
[EventRounds "11"]
[EventCountry "BUL"]
[Source "Mark Crowther"]
[SourceDate "2008.01.14"]

1. Nf3 Nf6 2. c4 b6 3. Nc3 Bb7 {E12: Damenindisch (Petrosjan-System )} 4. d4 e6
5. a3 g6 6. Bf4 Bg7 7. e3 O-O 8. h3 d6 9. Be2 Nbd7 10. O-O Ne4 11. Nxe4 Bxe4
12. Bh2 (12. b4 a5 13. b5 e5 14. Bh2 exd4 15. exd4 Qf6 16. Qd2 Rfe8 17. Rad1 h6
18. h4 Rad8 19. Qf4 Re7 20. Qxf6 Nxf6 21. c5 Bd5 22. Bd3 dxc5 23. dxc5 Bb3 24.
Bc2 Rxd1 25. Bxd1 Bc4 26. Re1 Rxe1+ {Niklasson,C (2375)-Schussler,H (2446)/
Sweden 2006/1/2-1/2}) 12... Qe7 (12... e5 13. Nd2 Bb7 14. Bf3 Qc8 15. Ne4 Re8
16. Re1 Nf6 17. Nxf6+ Bxf6 18. dxe5 Bxe5 19. Bxe5 Rxe5 20. Rc1 Bxf3 21. Qxf3 a5
22. b3 Rf5 23. Qe4 Re5 {Epishin,V (2620)-Romanishin,O (2610)/Reggio Emilia
1991/1/2-1/2}) 13. Nd2 $146 (13. Rc1 Rfd8 14. b4 c5 15. Qb3 a5 16. Rfd1 axb4
17. axb4 Ra7 18. dxc5 {Bischoff,K (2564)-Langrock,H (2336)/Bad Zwesten 2004/1/
2-1/2}) 13... Bb7 14. Bf3 Bxf3 15. Qxf3 e5 16. Qc6 (16. Rfe1 Rae8 17. Qb7 exd4
18. Qxc7 dxe3 19. Rxe3 Ne5 20. Qxe7 Rxe7 $11) 16... exd4 $15 17. exd4 Bxd4 18.
Qxc7 Bxb2 19. Ra2 Rfc8 20. Qb7 Bf6 21. Ne4 Nc5 22. Nxf6+ Qxf6 23. Qd5 Re8 24.
Re2 (24. a4 a5 $17) 24... Rad8 (24... Rxe2 $142 $5 25. Qxa8+ Kg7 $19) 25. Qxd6
Qxd6 26. Rxe8+ Qf8 27. Rxf8+ Kxf8 28. Be5 Ke7 29. a4 Ke6 30. Bc3 a5 31. Re1+
Kd7 32. g4 Nxa4 33. Bf6 Re8 34. Rd1+ Kc6 35. Kg2 (35. f3 Re6 36. Bg7 Rd6 $19)
35... Nc5 36. Kf3 Nd7 37. Ba1 Ne5+ 38. Kf4 (38. Bxe5 Rxe5 39. Rb1 Re6 $19)
38... Nxc4 39. Kg5 Re2 40. Rd4 (40. f4 a4 41. Kh6 a3 42. Kxh7 b5 $19) 40... Nd6
41. Rf4 (41. Ra4 Rxf2 42. Kh6 Rh2 $19) 41... Rxf2 $1 42. Be5 (42. Rxf2 Ne4+)
42... Rxf4 43. Bxf4 (43. Kxf4 Kd5 44. Ba1 b5 $19) 43... Ne4+ 44. Kh6 Nf2 (44...
a4 45. Kxh7 a3 46. g5 $19) 0-1